[Event "BCF-chT 9798 (4NCL)"]
[Site "England"]
[Date "1997.11.22"]
[Round "3.1"]
[White "Cummings, David H"]
[Black "Kinsman, Andrew PH"]
[Result "1/2-1/2"]
[WhiteElo "2370"]
[BlackElo "2395"]
[PlyCount "38"]
[EventDate "1997.11.??"]
[EventType "team"]
[EventRounds "11"]
[EventCountry "ENG"]
[SourceTitle "CBM 064 Extra"]
[Source "ChessBase"]
[SourceDate "1998.07.07"]
[SourceVersion "1"]
[SourceVersionDate "1998.07.07"]
[SourceQuality "1"]
[WhiteTeam "SW Dragons"]
[BlackTeam "Guildford"]
[WhiteTeamCountry "ENG"]
[BlackTeamCountry "ENG"]

1. Nf3 Nf6 2. c4 e6 3. g3 d5 4. Bg2 Be7 5. 0-0 0-0 6. d4 c5 7. cxd5 Nxd5 8. e4 Nb6 9. Nc3 Nc6 10. d5 exd5 11. exd5 Nb4 12. Ne5 Bd6 13. Nd3 Bg4 14. Qxg4 Nxd3 15. Be4 Nxc1 16. Raxc1 Nd7 17. Qe2 a6 18. a4 Rb8 19. Rfe1 Nf6 1/2-1/2

[Event "Owens Corning"]
[Site "Wrexham"]
[Date "1997.10.22"]
[Round "9"]
[White "Kinsman, Andrew PH"]
[Black "Van den Doel, Erik"]
[Result "1/2-1/2"]
[WhiteElo "2395"]
[BlackElo "2440"]
[PlyCount "87"]
[EventDate "1997.10.14"]
[EventType "tourn"]
[EventRounds "9"]
[EventCountry "WLS"]
[EventCategory "6"]
[SourceTitle "CBM 060 Extra"]
[Source "ChessBase"]
[SourceDate "1997.11.04"]
[SourceVersion "1"]
[SourceVersionDate "1997.11.04"]
[SourceQuality "1"]

1. d4 Nf6 2. c4 g6 3. Nc3 Bg7 4. e4 d6 5. Be2 0-0 6. Bg5 h6 7. Be3 c5 8. dxc5 Qa5 9. Bd2 Qxc5 10. Nf3 Nbd7 11. 0-0 a6 12. Rc1 Qc7 13. h3 b6 14. Be3 Bb7 15. Nd5 Qd8 16. Nxf6+ Nxf6 17. e5 dxe5 18. Qxd8 Raxd8 19. Bxb6 Bxf3 20. Bxf3 Rd2 21. Bc5 e4 22. Bd1 Rxb2 23. Bxe7 Re8 24. Bxf6 Bxf6 25. Bb3 Bd4 26. Rc2 Rxc2 27. Bxc2 e3 28. fxe3 Rxe3 29. Kh1 Rc3 30. Bb3 Kf8 31. Rd1 Be3 32. Kh2 Ke7 33. Kg3 f5 34. Kf3 Bc5+ 35. Ke2 Re3+ 36. Kf1 Re5 37. Rd5 Kf6 38. Bc2 h5 39. Rxe5 Kxe5 40. g4 hxg4 41. hxg4 fxg4 42. Bxg6 Kd4 43. Kg2 Kc3 44. Kg3 1/2-1/2

[Event "Owens Corning"]
[Site "Wrexham"]
[Date "1997.10.21"]
[Round "8"]
[White "Sahu, Sekhar Chandra"]
[Black "Kinsman, Andrew PH"]
[Result "0-1"]
[WhiteElo "2285"]
[BlackElo "2395"]
[PlyCount "76"]
[EventDate "1997.10.14"]
[EventType "tourn"]
[EventRounds "9"]
[EventCountry "WLS"]
[EventCategory "6"]
[SourceTitle "CBM 060 Extra"]
[Source "ChessBase"]
[SourceDate "1997.11.04"]
[SourceVersion "1"]
[SourceVersionDate "1997.11.04"]
[SourceQuality "1"]

1. e4 e6 2. d3 c5 3. Nf3 Nc6 4. c3 d5 5. Nbd2 g6 6. Be2 Bg7 7. 0-0 Nge7 8. Re1 b6 9. Qc2 Bb7 10. a3 0-0 11. Rb1 a5 12. a4 Rc8 13. Nf1 h6 14. Ne3 f5 15. exd5 exd5 16. Qb3 f4 17. Nc2 g5 18. Nd2 Nf5 19. Na3 Re8 20. Nc2 Ne5 21. Nf3 c4 22. Qa2 cxd3 23. Ncd4 Nxf3+ 24. Nxf3 dxe2 25. h3 Ba6 26. Bd2 Kh8 27. Qb3 Re4 28. Ra1 h5 29. g4 fxg3 30. Nxg5 gxf2+ 31. Kxf2 Qc7 32. Rg1 Rf4+ 33. Bxf4 Qxf4+ 34. Ke1 Ne3 35. Ne6 Ng2+ 36. Rxg2 Qf1+ 37. Kd2 Qxg2 38. Re1 Bh6+ 0-1